|
|
|
|
| LEADER |
01275nam a2200301 a 4500 |
| 001 |
000260208 |
| 003 |
BD-DhAAL |
| 008 |
121113s2011 bg w 000 0 mul d |
| 040 |
|
|
|a BD-DhAAL
|c BD-DhAAL
|
| 082 |
0 |
0 |
|a 348.5492046
|2 22
|
| 130 |
0 |
|
|a Mainstream Law Reports
|9 59247
|
| 245 |
0 |
4 |
|a The Mainstream Law Reports.
|n Volume XVI /
|c founder editor, Khondaker Md. Abu Bakar ; editor, Khondaker Shariful Islam.
|
| 246 |
1 |
7 |
|a Mainstream Law Reports.
|
| 246 |
0 |
|
|a MLR
|
| 260 |
|
|
|a Dhaka :
|b Mainstream printing and publishing,
|c 2011.
|
| 300 |
|
|
|a Various pagings, :
|c 24 cm.
|
| 362 |
0 |
|
|a Vol. 16
|
| 500 |
|
|
|a "A monthly legal journal."
|
| 541 |
|
|
|e 00026208
|
| 590 |
|
|
|a Published yearly.
|
| 650 |
|
0 |
|a Law reports, digests, etc.
|z Bangladesh.
|
| 700 |
1 |
|
|a Abu Bakar, Khondaker Muhammad.
|9 59442
|
| 700 |
1 |
|
|a Islam, Khondaker Shariful.
|9 59248
|
| 852 |
4 |
|
|a Ayesha Abed Library
|c General Stacks
|
| 942 |
|
|
|2 ddc
|c 1HOUR
|
| 999 |
|
|
|c 12950
|d 12950
|
| 952 |
|
|
|0 0
|1 0
|4 0
|6 348_549204600000000_MAI
|7 0
|9 21398
|a BRACUL
|b BRACUL
|c REF
|d 2012-11-13
|l 1
|o 348.5492046 MAI
|p 3010026208
|r 2013-10-05
|s 2013-10-05
|t 1
|w 2012-11-13
|y 1HOUR
|
| 952 |
|
|
|0 0
|1 0
|4 0
|6 348_549204600000000_MAI
|7 0
|9 21399
|a BRACUL
|b BRACUL
|c REF
|d 2012-11-13
|l 3
|o 348.5492046 MAI
|p 3010026209
|r 2017-03-16
|s 2017-03-16
|t 2
|w 2012-11-13
|y 1HOUR
|